[Event "Campeonato de Aragon por Equipos 2023 -"]
[Site "Aragon"]
[Date "2023.01.28"]
[Round "1.24"]
[White "Fabre Perez, Jose Maria"]
[Black "Latorre Abad, Fernando"]
[Result "1/2-1/2"]
[WhiteElo "1981"]
[BlackElo "2085"]
[PlyCount "109"]
[EventDate "2023.01.28"]
[WhiteTeam "Delicias"]
[BlackTeam "ONCE C. A. Aragon"]

1. c4 e5 2. g3 Nc6 3. Bg2 g6 4. e4 Bg7 5. Ne2 Nge7 6. Nbc3 O-O 7. d3 d6 8. O-O
f5 9. Nd5 fxe4 10. dxe4 Bg4 11. f3 Be6 12. Bg5 h6 13. Be3 Qd7 14. Qd2 Kh7 15.
Rad1 b6 16. b4 a5 17. a3 axb4 18. axb4 Ra4 19. Nec3 Raa8 20. Nb5 Bxd5 21. cxd5
Na7 22. Nxa7 Rxa7 23. Ra1 Rfa8 24. Qc3 h5 25. Rxa7 Rxa7 26. Ra1 Rxa1+ 27. Qxa1
Bh6 28. f4 Qb5 29. Qc3 c5 30. dxc6 Qxc6 31. Qb3 Kg7 32. Qe6 Ng8 33. Qd5 Qc3 34.
Qb7+ Kh8 35. Qxb6 Qe1+ 36. Bf1 exf4 37. Bd4+ Bg7 38. Bxg7+ Kxg7 39. Qd4+ Kh7
40. gxf4 Nh6 41. b5 Ng4 42. b6 Ne3 43. Qd3 Nxf1 44. Qxf1 Qxe4 45. Qf2 Qb1+ 46.
Kg2 d5 47. Qd4 Qb5 48. Kg3 Qd7 49. h3 Qb7 50. Qc5 Qa6 51. Qc7+ Kh6 52. b7 Qd3+
53. Kf2 Qd2+ 54. Kf3 Qd3+ 55. Kf2 1/2-1/2

[Event "Campeonato de Aragon por Equipos 2023 -"]
[Site "Aragon"]
[Date "2023.01.28"]
[Round "1.25"]
[White "Del Rey, Diego"]
[Black "Luis Vitalla, Fernando"]
[Result "1-0"]
[WhiteElo "2328"]
[BlackElo "2097"]
[PlyCount "99"]
[EventDate "2023.01.28"]
[WhiteTeam "El Olivar"]
[BlackTeam "Atletismo Huesca"]

1. d4 d5 2. Bg5 Nf6 3. Bxf6 exf6 4. e3 Bf5 5. Bd3 Bxd3 6. Qxd3 Nc6 7. Ne2 Qd7
8. O-O O-O-O 9. Nd2 h5 10. c4 dxc4 11. Qxc4 Qe6 12. Qa4 Bd6 13. Nc3 Qg4 14. h3
Qg6 15. d5 Nb4 16. Qxa7 Qd3 17. Nde4 Qa6 18. Qxa6 Nxa6 19. Rfd1 Rhe8 20. Nxd6+
Rxd6 21. Rac1 Kb8 22. Rd4 Rb6 23. b3 Nc5 24. e4 Rd8 25. Rcd1 Rbd6 26. f4 Re8
27. Rc4 b6 28. b4 Nb7 29. Nb5 Rd7 30. Rdc1 Nd6 31. Nxd6 cxd6 32. Kf2 b5 33. Rd4
Rde7 34. Kf3 f5 35. Re1 Ra7 36. Re3 Rxa2 37. e5 g5 38. e6 g4+ 39. Kg3 Rh8 40.
hxg4 h4+ 41. Kh3 fxg4+ 42. Kxg4 Rxg2+ 43. Kh3 Rg7 44. f5 f6 45. Rxh4 Rhg8 46.
Re2 Kc7 47. Kh2 Kb6 48. Rh6 Kb7 49. Rg6 Kc7 50. Rxg7+ 1-0

[Event "Campeonato de Aragon por Equipos 2023 -"]
[Site "Aragon"]
[Date "2023.01.28"]
[Round "1.26"]
[White "Salamero Pelay, Fernando"]
[Black "Villuendas Valero, Adrian"]
[Result "0-1"]
[WhiteElo "2062"]
[BlackElo "2259"]
[PlyCount "74"]
[EventDate "2023.01.28"]
[WhiteTeam "Atletismo Huesca"]
[BlackTeam "El Olivar"]

1. e4 e6 2. d4 d5 3. Nd2 Be7 4. Ngf3 Nf6 5. Bd3 c5 6. c3 cxd4 7. cxd4 dxe4 8.
Nxe4 Bd7 9. O-O Bc6 10. Qe2 Nbd7 11. Ne5 O-O 12. Nxc6 bxc6 13. Bg5 Qb6 14. Rfd1
Rfe8 15. Rac1 Rac8 16. Rc3 Nd5 17. Rb3 Qc7 18. Bb1 Bxg5 19. Nxg5 h6 20. Bh7+
Kf8 21. Ne4 g6 22. Qd2 Kg7 23. Rh3 Qf4 24. Qxf4 Nxf4 25. Rf3 Nd5 26. Nd6 Rf8
27. Nxc8 Rxc8 28. Rc1 N7f6 29. Bxg6 Kxg6 30. Ra3 Rc7 31. Ra6 Ne7 32. b4 Rb7 33.
a3 Nfd5 34. Kf1 Nc7 35. Ra5 Nb5 36. Rc4 Rd7 37. a4 Nxd4 0-1

[Event "Campeonato de Aragon por Equipos 2023 -"]
[Site "Aragon"]
[Date "2023.01.28"]
[Round "1.27"]
[White "Hernando Garcia, Antonio"]
[Black "Gella Bitrian, Diego"]
[Result "1-0"]
[WhiteElo "2101"]
[BlackElo "2023"]
[PlyCount "171"]
[EventDate "2023.01.28"]
[WhiteTeam "El Olivar"]
[BlackTeam "Atletismo Huesca"]

1. c4 Nf6 2. Nc3 g6 3. Nf3 Bg7 4. g3 O-O 5. Bg2 d6 6. O-O e5 7. d3 c5 8. a3 Nc6
9. Rb1 a5 10. Ne1 Be6 11. Bg5 h6 12. Bxf6 Bxf6 13. Nc2 Bg7 14. b4 axb4 15. axb4
Qd7 16. bxc5 dxc5 17. Rb5 Ra5 18. Rxa5 Nxa5 19. Qb1 Ra8 20. Qb6 Bf8 21. Rb1 Ra6
22. Qb5 Qxb5 23. Nxb5 Bc8 24. Nc7 Ra7 25. Ra1 Nc6 26. Bxc6 Rxa1+ 27. Nxa1 bxc6
28. Na8 f5 29. Nb6 Be6 30. Nb3 e4 31. Kf1 Kg7 32. Na4 Kf6 33. Naxc5 exd3 34.
exd3 Bc8 35. f4 g5 36. Kg2 Bd6 37. Kf3 gxf4 38. gxf4 Ke7 39. d4 Kd8 40. Ke3 Kc7
41. Nd2 Kb6 42. Ncb3 Be7 43. Nf3 Be6 44. Ne5 Ba3 45. Kd3 Bb4 46. Nd2 Bf8 47.
c5+ Kc7 48. Ndc4 Bc8 49. Ne3 Be7 50. Nf3 Be6 51. Kc3 Bd8 52. Kb4 Bf6 53. Kc3
Bd8 54. Kd3 Bf6 55. Ke2 Kb7 56. Ne5 Kc7 57. Nf3 Kb7 58. Kd3 Kc7 59. Nd2 Be7 60.
Ndf1 Bh4 61. Ng3 Bxg3 62. hxg3 Kb7 63. Kc3 Kc7 64. Kd2 Kb7 65. Kd3 Kc7 66. Ke2
Bc8 67. Nc4 Be6 68. Nd6 Kd7 69. Kd3 Ke7 70. Kc3 Kf6 71. Nc4 Kg6 72. Ne3 Kf7 73.
d5 cxd5 74. Kd4 Bc8 75. Kxd5 Kf6 76. Kd6 Kg6 77. c6 h5 78. Kc7 Be6 79. Kd8 h4
80. gxh4 Kh5 81. Ng2 Kg4 82. c7 Kg3 83. h5 Kxg2 84. h6 Kg3 85. h7 Kxf4 86. h8=Q
1-0

[Event "Campeonato de Aragon por Equipos 2023 -"]
[Site "Aragon"]
[Date "2023.01.28"]
[Round "1.28"]
[White "Gella Lopez, Angel"]
[Black "Galstyan, David"]
[Result "0-1"]
[WhiteElo "2023"]
[BlackElo "2040"]
[PlyCount "70"]
[EventDate "2023.01.28"]
[WhiteTeam "Atletismo Huesca"]
[BlackTeam "El Olivar"]

1. d4 e6 2. c4 Bb4+ 3. Bd2 a5 4. g3 d5 5. Nf3 Nc6 6. Bg2 dxc4 7. Bc3 Nf6 8. O-O
O-O 9. Nbd2 Bxc3 10. bxc3 Nd5 11. Qc2 b5 12. Rab1 Ba6 13. e4 Nde7 14. Rfd1 Rb8
15. e5 Nd5 16. Ne4 b4 17. Nfg5 h6 18. Nf6+ Nxf6 19. exf6 hxg5 20. fxg7 Kxg7 21.
Bxc6 Qf6 22. Re1 Rb6 23. Bg2 Rfb8 24. Re5 b3 25. axb3 cxb3 26. Qd2 a4 27. Qxg5+
Qxg5 28. Rxg5+ Kf6 29. Ra5 Bb5 30. Bf1 Bc6 31. Bd3 Ra8 32. Rxa8 Bxa8 33. Ra1 b2
34. Rb1 a3 35. Bc4 Be4 0-1

[Event "Campeonato de Aragon por Equipos 2023 -"]
[Site "Aragon"]
[Date "2023.01.28"]
[Round "1.29"]
[White "Hinojar Basa, Alfonso"]
[Black "Zambrana Petisme, Ramiro"]
[Result "1-0"]
[WhiteElo "2164"]
[BlackElo "2143"]
[PlyCount "79"]
[EventDate "2023.01.28"]
[WhiteTeam "Marcos Frechin"]
[BlackTeam "Palacio De Pioneros B"]

1. e4 c5 2. Nf3 d6 3. Bb5+ Bd7 4. Bxd7+ Qxd7 5. c4 Nc6 6. d4 cxd4 7. Nxd4 Nf6
8. f3 g6 9. Be3 Bg7 10. Nc3 h5 11. Qd2 h4 12. O-O h3 13. g3 Nh5 14. Rac1 Be5
15. Nxc6 bxc6 16. Bd4 Qe6 17. f4 Bf6 18. f5 gxf5 19. Rxf5 Qxc4 20. Bxf6 Nxf6
21. Nd5 Nxe4 22. Qe3 Qxd5 23. Rxd5 cxd5 24. Qd4 Rh5 25. Rc7 Re5 26. Rxa7 Rxa7
27. Qxa7 Ng5 28. Qa8+ Kd7 29. Qb7+ Kd8 30. Kf2 Ne4+ 31. Kf3 Rf5+ 32. Kg4 Rg5+
33. Kxh3 Rh5+ 34. Kg2 Rf5 35. a4 Rf2+ 36. Kg1 Rd2 37. h4 Nxg3 38. a5 Rc2 39. a6
Rc7 40. Qb6 1-0

[Event "Campeonato de Aragon por Equipos 2023 -"]
[Site "Aragon"]
[Date "2023.01.28"]
[Round "1.30"]
[White "Sacristan Latorre, Alberto"]
[Black "Miranda Herrera, Jorge Manuel"]
[Result "1/2-1/2"]
[WhiteElo "2100"]
[BlackElo "2115"]
[PlyCount "156"]
[EventDate "2023.01.28"]
[WhiteTeam "Palacio De Pioneros B"]
[BlackTeam "Marcos Frechin"]

1. Nf3 Nf6 2. g3 b6 3. Bg2 Bb7 4. O-O g6 5. c4 c5 6. Nc3 Bg7 7. Re1 d5 8. d4
dxc4 9. Qa4+ Nbd7 10. dxc5 Qc8 11. Qxc4 Qxc5 12. Qh4 O-O 13. Be3 Qh5 14. Qxh5
Nxh5 15. Red1 Rfd8 16. Rac1 e6 17. b3 Rac8 18. Nb5 Rxc1 19. Bxc1 a6 20. Na3 b5
21. Nc2 Bf6 22. Ne5 (22. Ne3 Bc8) 22... Bc8 23. Nc6 Re8 24. Na7 Nc5 25. Ba3 Be7
26. Nxc8 Rxc8 27. Ne3 Rb8 28. Ng4 b4 29. Bb2 a5 30. Ne5 Rd8 31. Rxd8+ Bxd8 32.
Bd4 Bf6 33. Bxc5 Bxe5 34. Bb6 Bd6 35. Bxa5 Bc5 36. e3 Nf6 37. Kf1 Ne8 38. Ke2
Nd6 39. Bc6 e5 40. e4 Kf8 41. Bd8 Kg7 42. Bg5 f5 43. Be3 Bxe3 44. Kxe3 fxe4 45.
Kd2 Kf6 46. Ke3 g5 47. g4 h6 48. h3 Ke6 49. Kd2 Ke7 50. Kc2 Kd8 51. Kb2 Kc7 52.
Ba8 Nb5 53. Bxe4 Nc3 54. f3 Kb6 55. Bc2 Kc5 56. a3 Nb5 57. axb4+ Kxb4 58. Be4
Nd4 59. Bd5 Kc5 60. Bb7 Kb4 61. Kc1 Nxb3+ 62. Kd1 Kc4 63. Ke2 Kd4 64. Kf2 Nc5
65. Bc6 Nd3+ 66. Kg3 Ke3 67. Ba8 Nf4 68. Bb7 Ne2+ 69. Kg2 Kf4 70. Ba8 Ke3 71.
Bb7 Kd2 72. Ba6 Nf4+ 73. Kg3 Ke1 74. Bb5 Ne2+ 75. Kg2 Nc3 76. Bc6 Nd1 77. Bb5
Ne3+ 78. Kg3 Nd1 1/2-1/2

[Event "Campeonato de Aragon por Equipos 2023 -"]
[Site "Aragon"]
[Date "2023.01.28"]
[Round "1.31"]
[White "Miranda Herrera, Miguel"]
[Black "Colom Sienes, Eduardo"]
[Result "0-1"]
[WhiteElo "1976"]
[BlackElo "2086"]
[PlyCount "72"]
[EventDate "2023.01.28"]
[WhiteTeam "Marcos Frechin"]
[BlackTeam "Palacio De Pioneros B"]

1. c4 e5 2. Nc3 Nc6 3. g3 g6 4. Bg2 Bg7 5. e4 d6 6. Nge2 h5 7. h3 Be6 8. d3 Qd7
9. Nd5 a5 10. Be3 f6 11. Qa4 Nge7 12. d4 O-O 13. Nxe7+ Nxe7 14. Qxd7 Bxd7 15.
O-O-O Be6 16. d5 Bd7 17. Nc3 f5 18. Bg5 Rf7 19. f3 Nc8 20. a4 Nb6 21. b3 Raf8
22. Be3 Nc8 23. Bd2 Kh7 24. Rhf1 Bh6 25. Bxh6 Kxh6 26. f4 exf4 27. Rxf4 g5 28.
Rf2 f4 29. Rdf1 Ne7 30. Ne2 Ng6 31. Nd4 Ne5 32. Kd2 f3 33. Nxf3 g4 34. hxg4
hxg4 35. Ke3 gxf3 36. Bxf3 Bh3 0-1

[Event "Campeonato de Aragon por Equipos 2023 -"]
[Site "Aragon"]
[Date "2023.01.28"]
[Round "1.32"]
[White "Caballero Ortin, Jorge"]
[Black "Moya Gimeno, Raul"]
[Result "0-1"]
[WhiteElo "1714"]
[BlackElo "1944"]
[PlyCount "78"]
[EventDate "2023.01.28"]
[WhiteTeam "Palacio De Pioneros B"]
[BlackTeam "Marcos Frechin"]

1. d4 Nf6 2. Nf3 g6 3. c4 Bg7 4. Nc3 O-O 5. e4 d6 6. Be2 e5 7. Be3 Nc6 8. d5
Ne7 9. Qc2 Ng4 10. Bc1 f5 11. h3 Nf6 12. Nd2 f4 13. b4 g5 14. Qd1 Ng6 15. Bg4
Nxg4 16. hxg4 Nh4 17. Rh2 Bd7 18. Nf3 Bxg4 19. Qd3 Bxf3 20. gxf3 Rf6 21. Ba3
Qe8 22. Ke2 Rg6 23. c5 a6 24. b5 Bf8 25. Qc4 Qd8 26. Rah1 Be7 27. Na4 axb5 28.
Qxb5 g4 29. fxg4 f3+ 30. Kd3 Rxg4 31. cxd6 cxd6 32. Rc1 Bg5 33. Rc2 Ng2 34.
Qxb7 Ne1+ 35. Kc3 Qc8+ 36. Qc6 Nxc2 37. Kxc2 Qxc6+ 38. dxc6 Rxa4 39. Bxd6 Rc4+
0-1

[Event "Preferente Aragonesa 2023 - Grupo 1"]
[Site "Aragon"]
[Date "2023.01.28"]
[Round "1.33"]
[White "Torcal Miguel, Oscar"]
[Black "Martinez Cebolla, Alberto"]
[Result "1/2-1/2"]
[WhiteElo "2055"]
[BlackElo "2076"]
[PlyCount "69"]
[EventDate "2023.01.28"]
[WhiteTeam "Helios B"]
[BlackTeam "Iberajedrez Mundo 64 B"]

1. c4 e5 2. g3 Nf6 3. Bg2 d5 4. cxd5 Nxd5 5. Nf3 Nc6 6. O-O Nb6 7. d3 Be7 8. a3
O-O 9. Nbd2 Be6 10. b4 a6 11. Bb2 f6 12. Qc2 Bd5 13. Rfd1 Qe8 14. e4 Bf7 15.
Nf1 Bd6 16. Ne3 g6 17. Ng4 Be6 18. Ne3 Qf7 19. Re1 Na4 20. Rac1 Nxb2 21. Qxb2
Rfd8 22. Nc4 Bf8 23. Qc3 Rd7 24. Na5 Nxa5 25. bxa5 Rad8 26. Bf1 c6 27. Rb1 Qe7
28. Rb6 Qc5 29. Qd2 Rc7 30. Reb1 Rdd7 31. a4 Qa3 32. Qc2 Qc5 33. Qd2 Qa3 34.
Qc2 Qc5 35. Qd2 1/2-1/2

[Event "Preferente Aragonesa 2023 - Grupo 1"]
[Site "Aragon"]
[Date "2023.01.28"]
[Round "1.34"]
[White "Sancho Cortes, Miguel Angel"]
[Black "Lorente Melcon, Maximo"]
[Result "0-1"]
[WhiteElo "2024"]
[BlackElo "1980"]
[PlyCount "70"]
[EventDate "2023.01.28"]
[WhiteTeam "Iberajedrez Mundo 64 B"]
[BlackTeam "Helios B"]

1. e4 c5 2. Nf3 e6 3. d4 cxd4 4. Nxd4 Nf6 5. Nc3 Nc6 6. Nxc6 bxc6 7. e5 Nd5 8.
Ne4 Qc7 9. f4 Qb6 10. c4 Bb4+ 11. Ke2 f5 12. exf6 Nxf6 13. Be3 Qd8 14. Nd6+
Bxd6 15. Qxd6 Bb7 16. g4 Nxg4 17. Bc5 Nh6 18. Rd1 Nf5 19. Qe5 Ba6 20. b3 Qh4
21. Bg2 O-O-O 22. Bxa7 d6 23. Qe4 d5 24. Qe5 Kb7 25. Bf2 Qf6 26. Rb1 Qxe5+ 27.
fxe5 Rhf8 28. Rhd1 Kc8 29. Ke1 dxc4 30. Bxc6 c3 31. Be4 Nd4 32. Bd3 Nf3+ 33.
Ke2 Rxd3 34. Rxd3 Nxe5 35. Bd4 Bxd3+ 0-1

[Event "Preferente Aragonesa 2023 - Grupo 1"]
[Site "Aragon"]
[Date "2023.01.28"]
[Round "1.35"]
[White "Lorente Melcon, Nicolas"]
[Black "Moreno Burillo, Marcos Antonio"]
[Result "0-1"]
[WhiteElo "1869"]
[BlackElo "1748"]
[PlyCount "112"]
[EventDate "2023.01.28"]
[WhiteTeam "Helios B"]
[BlackTeam "Iberajedrez Mundo 64 B"]

1. e4 c5 2. Nc3 d6 3. Bb5+ Bd7 4. Bc4 Nc6 5. a4 g6 6. f4 Bg7 7. Nf3 e6 8. O-O
Nge7 9. d3 O-O 10. Qe1 d5 11. exd5 exd5 12. Nxd5 Nxd5 13. Bxd5 Nb4 14. Bb3 Qb6
15. Kh1 Nxd3 16. Qh4 Nxc1 17. Raxc1 Qf6 18. Qxf6 Bxf6 19. Rcd1 Bc6 20. c3 Rae8
21. Bc4 Re4 22. Bd5 Bxd5 23. Rxd5 b6 24. a5 Rxf4 25. axb6 axb6 26. g3 Re4 27.
Rd6 Re6 28. Rxe6 fxe6 29. Nd2 Bg5 30. Rxf8+ Kxf8 31. Ne4 Bc1 32. b3 Ke7 33. Kg2
e5 34. g4 Ke6 35. c4 h5 36. h3 hxg4 37. hxg4 Kd7 38. Kf3 Kc6 39. Ke2 b5 40. Kd1
Be3 41. Kc2 Bd4 42. Kb1 Kb6 43. Ka2 Ka5 44. Ka3 Be3 45. cxb5 Kxb5 46. Nd6+ Kc6
47. Nc4 Bd4 48. b4 cxb4+ 49. Kxb4 Kd5 50. Kb3 Ke4 51. Kc2 Kf4 52. Kd3 Kxg4 53.
Ke4 g5 54. Nd2 Kh3 55. Nf1 g4 56. Nd2 g3 0-1

[Event "Preferente Aragonesa 2023 - Grupo 1"]
[Site "Aragon"]
[Date "2023.01.28"]
[Round "1.36"]
[White "Barranco Castillo, Jose Antonio"]
[Black "Lacamara Pasamar, Miguel"]
[Result "0-1"]
[WhiteElo "1650"]
[BlackElo "1794"]
[PlyCount "60"]
[EventDate "2023.01.28"]
[WhiteTeam "Iberajedrez Mundo 64 B"]
[BlackTeam "Helios B"]

1. c4 e5 2. g3 Nc6 3. Bg2 g6 4. Nc3 Bg7 5. e4 d6 6. Nge2 f5 7. d3 Nf6 8. O-O
O-O 9. Nd5 Ne7 10. Be3 c6 11. Nxf6+ Bxf6 12. Qd2 d5 13. cxd5 cxd5 14. Bc5 dxe4
15. Qb4 exd3 16. Rfd1 Be6 17. Nc3 b6 18. Bd6 e4 19. Nxe4 fxe4 20. Bxe4 Rc8 21.
Rxd3 Qe8 22. Bb7 Rc4 23. Qe1 Bc8 24. Bxe7 Bxb7 25. Qe6+ Qf7 26. Qxf7+ Rxf7 27.
Rd8+ Kg7 28. Bxf6+ Kxf6 29. b3 Rc2 30. g4 Kg5 0-1

[Event "Preferente Aragonesa 2023 - Grupo 1"]
[Site "Aragon"]
[Date "2023.01.28"]
[Round "1.37"]
[White "Cebollada Pacheco, Jesus Raul"]
[Black "Gaspar Calvo, Luis Alberto"]
[Result "1-0"]
[WhiteElo "1955"]
[BlackElo "1845"]
[PlyCount "91"]
[EventDate "2023.01.28"]
[WhiteTeam "MyInvestor Casablanca B"]
[BlackTeam "Delicias B"]

1. e4 c5 2. Nf3 g6 3. c4 Nc6 4. d4 cxd4 5. Nxd4 Nf6 6. Nc3 Nxd4 7. Qxd4 d6 8.
f3 Bg7 9. Be3 O-O 10. Qd2 Be6 11. Rc1 Rc8 12. b3 a6 13. Be2 Qa5 14. Nd5 Qxd2+
15. Kxd2 Bxd5 16. cxd5 e6 17. dxe6 fxe6 18. Rxc8 Rxc8 19. Rc1 Rxc1 20. Kxc1 d5
21. e5 Nd7 22. f4 Bf8 23. Kc2 Kf7 24. Kc3 a5 25. Bb5 Bb4+ 26. Kb2 Nb8 27. a3
Be1 28. Kc2 Nc6 29. Bxc6 bxc6 30. g3 h6 31. Kd3 Ke7 32. Bd4 Kd7 33. Ke2 c5 34.
Bb2 a4 35. Kxe1 axb3 36. Kd2 Kc6 37. Kc3 c4 38. a4 Kc5 39. Ba3+ Kb6 40. Kb4 Ka6
41. Bb2 Kb6 42. a5+ Ka6 43. Bd4 Kb7 44. Kb5 Kb8 45. Kb6 Ka8 46. Kc6 1-0

[Event "Preferente Aragonesa 2023 - Grupo 1"]
[Site "Aragon"]
[Date "2023.01.28"]
[Round "1.38"]
[White "Garcia Lopez, Alberto Jose"]
[Black "Antonano Fernandez-Quincoces, Avelino"]
[Result "0-1"]
[WhiteElo "1829"]
[BlackElo "1901"]
[PlyCount "64"]
[EventDate "2023.01.28"]
[WhiteTeam "Delicias B"]
[BlackTeam "MyInvestor Casablanca B"]

1. Nf3 c5 2. g3 g6 3. Bg2 Bg7 4. O-O Nc6 5. c4 d6 6. Nc3 Qd7 7. Rb1 b6 8. a3
Bb7 9. b4 Nd4 10. Nxd4 Bxg2 11. Kxg2 cxd4 12. Nd5 Qc6 13. e4 e6 14. Qe2 d3 15.
Qxd3 exd5 16. exd5 Qd7 17. Re1+ Kf8 18. Bb2 h5 19. h4 Nh6 20. Bd4 Qf5 21. Qc3
Bxd4 22. Qxd4 Kg8 23. Re4 Ng4 24. Rbe1 Kh7 25. Re7 Rhf8 26. Rb7 Rfe8 27. Rxa7
Rxe1 28. Rxa8 Ne5 29. f4 Re2+ 30. Kf1 Rh2 31. d3 Qh3+ 32. Ke1 Nf3+ 0-1

[Event "Preferente Aragonesa 2023 - Grupo 1"]
[Site "Aragon"]
[Date "2023.01.28"]
[Round "1.39"]
[White "Alvarez Gonzalo, Miguel Angel"]
[Black "Martinez Blanco, Ruben"]
[Result "0-1"]
[WhiteElo "1767"]
[BlackElo "1317"]
[PlyCount "90"]
[EventDate "2023.01.28"]
[WhiteTeam "MyInvestor Casablanca B"]
[BlackTeam "Delicias B"]

1. c4 c5 2. g3 Nc6 3. Bg2 g6 4. Nc3 Bg7 5. d3 e5 6. e4 h6 7. Nge2 Nge7 8. O-O
O-O 9. a3 d6 10. Rb1 a5 11. Nd5 Bg4 12. f3 Be6 13. Be3 a4 14. Nec3 Qa5 15. Bd2
Bxd5 16. Nxd5 Qd8 17. Nc3 Qa5 18. Nb5 Qd8 19. f4 f5 20. Qc1 Kh7 21. Qd1 Qd7 22.
Nc3 Nd4 23. Be3 Nb3 24. Nd5 Nxd5 25. cxd5 b5 26. Bh3 Rf6 27. g4 fxe4 28. dxe4
exf4 29. Rf3 g5 30. Bd2 Re8 31. Bc3 Rff8 32. Qd3 Kh8 33. Re1 Bxc3 34. bxc3 Re5
35. Qd1 Rfe8 36. Rd3 Rxe4 37. Rxe4 Rxe4 38. Bg2 Re5 39. Rh3 Qe7 40. Kf2 Kg7 41.
Bf1 c4 42. Be2 Re3 43. Rxe3 Qxe3+ 44. Kg2 Qc1 45. Kf3 Qxc3+ 0-1

[Event "Preferente Aragonesa 2023 - Grupo 1"]
[Site "Aragon"]
[Date "2023.01.28"]
[Round "1.40"]
[White "Aznar Jimenez, Gonzalo"]
[Black "Lazaro Abadias, Andres"]
[Result "0-1"]
[WhiteElo "1280"]
[BlackElo "1582"]
[PlyCount "96"]
[EventDate "2023.01.28"]
[WhiteTeam "Delicias B"]
[BlackTeam "MyInvestor Casablanca B"]

1. e4 c5 2. Nf3 e6 3. d4 cxd4 4. Nxd4 Nf6 5. Nc3 d6 6. Be3 a6 7. Bc4 b5 8. Bb3
b4 9. Nce2 Nxe4 10. O-O Be7 11. Qd3 Nc5 12. Qd2 Nxb3 13. axb3 d5 14. Ng3 g6 15.
Nf3 Nc6 16. Rfd1 O-O 17. c4 bxc3 18. bxc3 Bf6 19. Rab1 Rb8 20. Bg5 Ne5 21. Nxe5
Bxg5 22. f4 Bf6 23. Ne2 Qc7 24. Qe3 a5 25. Nd4 Bd7 26. Qg3 Rfc8 27. Rbc1 Qa7
28. Kh1 Bg7 29. Qh4 Rb7 30. h3 Qb8 31. Qg3 f6 32. Nxd7 Rxd7 33. Rd3 e5 34. fxe5
fxe5 35. Ne2 Qxb3 36. c4 Qb7 37. Qg4 e4 38. Rxd5 Rdc7 39. Qxe4 a4 40. Rc2 Qb1+
41. Kh2 a3 42. Qe6+ Kh8 43. Rcd2 Qb8 44. Ng3 Rxc4 45. Rd7 Rc3 46. R2d3 Rxd3 47.
Rxd3 Rc3 48. Rd6 a2 0-1

[Event "Preferente Aragonesa 2023 - Grupo 1"]
[Site "Aragon"]
[Date "2023.01.28"]
[Round "1.41"]
[White "Carruez Gracia, Eduardo"]
[Black "Escuer Sanchez, Nestor"]
[Result "0-1"]
[WhiteElo "1941"]
[BlackElo "2066"]
[PlyCount "67"]
[EventDate "2023.01.28"]
[WhiteTeam "Agrupacion B"]
[BlackTeam "Enroque Barbastro A"]

1. e4 e6 2. d4 d5 3. e5 c5 4. c3 Qb6 5. Nf3 Nc6 6. Bd3 Bd7 7. O-O Rc8 8. dxc5
Bxc5 9. b4 Be7 10. a4 f5 11. Na3 a6 12. Qe2 Nh6 13. b5 axb5 14. Be3 Qd8 15.
axb5 Na5 16. b6 O-O 17. Nc2 Nc4 18. Bxc4 Rxc4 19. Bd4 Ra4 20. Rxa4 Bxa4 21. Ra1
Qd7 22. Nfe1 Bb5 23. Qd2 Nf7 24. Nd3 Rc8 25. Rb1 Bc4 26. Nb2 Bb5 27. Nd3 Ng5
28. f3 Nf7 29. Na1 Qc6 30. Nb3 Qc4 31. Nf4 Nd8 32. Qb2 Ba6 33. Ra1 Qb5 34. Ra5
0-1

[Event "Preferente Aragonesa 2023 - Grupo 1"]
[Site "Aragon"]
[Date "2023.01.28"]
[Round "1.42"]
[White "Delgado Pascual, Hugo"]
[Black "Larrosa Poves, Jose Manuel"]
[Result "0-1"]
[WhiteElo "1798"]
[BlackElo "1902"]
[PlyCount "88"]
[EventDate "2023.01.28"]
[WhiteTeam "Enroque Barbastro A"]
[BlackTeam "Agrupacion B"]

1. e4 c5 2. Ne2 Nc6 3. g3 g6 4. Bg2 Bg7 5. c3 e5 6. d3 d6 7. Be3 Nf6 8. O-O Ng4
9. Bd2 O-O 10. h3 Nf6 11. Be3 Re8 12. Qd2 Be6 13. d4 cxd4 14. cxd4 exd4 15.
Nxd4 Bc4 16. Rc1 d5 17. exd5 Bxd5 18. Bxd5 Nxd5 19. Nxc6 bxc6 20. Bd4 Nb4 21.
Bxg7 Qxd2 22. Nxd2 Kxg7 23. a3 Nd3 24. Rxc6 Re2 25. Rc2 Rd8 26. b4 Nxf2 27.
Raa2 Nxh3+ 28. Kf1 Rf2+ 29. Ke1 Re8+ 30. Kd1 Ng5 31. Nc4 Rf1+ 32. Kd2 Ne4+ 33.
Kd3 Nxg3 34. Na5 Rd8+ 35. Kc4 Nf5 36. Nc6 Ne3+ 37. Kb5 Nxc2 38. Rxc2 Rc8 39.
Rc5 Rc7 40. Ne5 Rxc5+ 41. bxc5 Rd1 42. c6 Rd5+ 43. Ka6 Rxe5 44. c7 Rc5 0-1

[Event "Preferente Aragonesa 2023 - Grupo 1"]
[Site "Aragon"]
[Date "2023.01.28"]
[Round "1.43"]
[White "Carrasquer Gonzalvo, Juan"]
[Black "Campo Pelegrin, Ramon"]
[Result "0-1"]
[WhiteElo "1532"]
[BlackElo "1788"]
[PlyCount "66"]
[EventDate "2023.01.28"]
[WhiteTeam "Agrupacion B"]
[BlackTeam "Enroque Barbastro A"]

1. e4 e5 2. Nf3 Nc6 3. Bc4 Be7 4. c3 Nf6 5. d3 d6 6. Nbd2 O-O 7. Bb3 Na5 8. Bc2
c5 9. Nf1 Nc6 10. Ng3 Re8 11. Bb3 Be6 12. O-O Bf8 13. h3 Qd7 14. Bg5 Be7 15.
Nh4 d5 16. Bxf6 Bxf6 17. Nhf5 Ne7 18. Qf3 c4 19. Bc2 Bxf5 20. Nxf5 Nxf5 21.
exf5 cxd3 22. Qxd3 e4 23. Qe2 Qxf5 24. Qb5 a6 25. Qb3 b5 26. Rad1 Rad8 27. f3
Qe5 28. fxe4 dxe4 29. a4 e3 30. Rfe1 e2 31. Rxd8 Bxd8 32. axb5 Bb6+ 33. Kh1 Bf2
0-1

[Event "Preferente Aragonesa 2023 - Grupo 1"]
[Site "Aragon"]
[Date "2023.01.28"]
[Round "1.44"]
[White "Rubiella Moreno, Óscar"]
[Black "Casasnovas Sanchez, Raul"]
[Result "1-0"]
[WhiteElo "1587"]
[BlackElo "1425"]
[PlyCount "51"]
[EventDate "2023.01.28"]
[WhiteTeam "Enroque Barbastro A"]
[BlackTeam "Agrupacion B"]

1. e4 c6 2. d4 d5 3. Nc3 dxe4 4. Nxe4 Nf6 5. Nxf6+ exf6 6. c3 Bd6 7. Bd3 O-O 8.
Qc2 h5 9. Ne2 Re8 10. Be3 Nd7 11. O-O-O Qc7 12. Ng3 b5 13. Nxh5 Nb6 14. Ng3 a5
15. Rde1 Be6 16. Kb1 Nc4 17. Bc1 a4 18. Re2 Reb8 19. Rxe6 fxe6 20. Bg6 Bf4 21.
Qe2 Bxc1 22. Rxc1 Qd6 23. Qh5 Kf8 24. Re1 Qf4 25. Rxe6 Qh6 26. Rxf6+ 1-0

[Event "Preferente Aragonesa 2023 - Grupo 1"]
[Site "Aragon"]
[Date "2023.01.28"]
[Round "1.45"]
[White "Portero Garnica, Miguel Angel"]
[Black "Ballarin Corvinos, Jorge"]
[Result "1-0"]
[WhiteElo "2072"]
[BlackElo "1748"]
[PlyCount "47"]
[EventDate "2023.01.28"]
[WhiteTeam "Marcos Frechin B"]
[BlackTeam "Binefar A"]

1. e4 c5 2. d4 cxd4 3. c3 dxc3 4. Nxc3 Nc6 5. Bc4 g6 6. Nf3 Bg7 7. O-O a6 8.
Qe2 b5 9. Bb3 e6 10. Bg5 Nge7 11. Rfd1 O-O 12. a4 b4 13. Nd5 f6 14. Nxf6+ Bxf6
15. Bxf6 Rxf6 16. e5 Rf8 17. Bxe6+ Kg7 18. Bxd7 Bxd7 19. e6 Qb6 20. exd7 Rad8
21. Ng5 Nf5 22. Ne6+ Kh8 23. Rac1 Ng7 24. Nxf8 1-0

[Event "Preferente Aragonesa 2023 - Grupo 1"]
[Site "Aragon"]
[Date "2023.01.28"]
[Round "1.46"]
[White "Lanau Corzan, Gerardo"]
[Black "Jario Garcia, Ricardo"]
[Result "1/2-1/2"]
[WhiteElo "1633"]
[BlackElo "2005"]
[PlyCount "44"]
[EventDate "2023.01.28"]
[WhiteTeam "Binefar A"]
[BlackTeam "Marcos Frechin B"]

1. d4 Nf6 2. Bf4 g6 3. e3 Bg7 4. Nc3 d6 5. Qd2 O-O 6. O-O-O Nbd7 7. h4 h5 8. e4
Nb6 9. f3 a6 10. Be2 Qe8 11. Bh6 e5 12. Bxg7 Kxg7 13. d5 Na4 14. Nh3 Nxc3 15.
Qxc3 Qe7 16. Nf2 Qd7 17. g4 Rd8 18. gxh5 Nxh5 19. Nd3 c6 20. Rdg1 cxd5 21. exd5
Qa4 22. Kb1 Bf5 1/2-1/2

[Event "Preferente Aragonesa 2023 - Grupo 1"]
[Site "Aragon"]
[Date "2023.01.28"]
[Round "1.47"]
[White "Perez Tomas, Juan Manuel"]
[Black "Arino Castan, Federico"]
[Result "1-0"]
[WhiteElo "1807"]
[BlackElo "1612"]
[PlyCount "28"]
[EventDate "2023.01.28"]
[WhiteTeam "Marcos Frechin B"]
[BlackTeam "Binefar A"]

1. e4 e6 2. d4 d5 3. Bd3 c5 4. exd5 exd5 5. Nf3 Nc6 6. O-O Be6 7. Re1 c4 8. Bf5
Qc8 9. Ng5 Nd8 10. Qh5 g6 11. Nxe6 Nxe6 12. Bxg6 fxg6 13. Qe5 Ne7 14. Qxh8 Qc7
1-0